| 000 | 00716cam a22001937a 4500 | ||
|---|---|---|---|
| 008 | 180718b2000 xxu||||| |||| 00| 0 eng d | ||
| 082 | _aPx54 C349 | ||
| 100 | _aChakrabarty, Vandana | ||
| 245 |
_aEducation of the urban disadvantaged _cby Vandana Chakrabarty |
||
| 260 |
_aNew Delhi _bNational Institute of Educational Planning and Administration _c2000 |
||
| 300 | _a53+p. | ||
| 440 | _aYear 2000 assessment: education for all | ||
| 650 | _aUrban schools - India | ||
| 650 | _aEducation - India | ||
| 700 | _aUnesco | ||
| 700 | _aIndian National Commission for Cooperation | ||
| 700 | _aIndia. Ministry of Human Resource Development | ||
| 700 | _aNational Institute of Educational Planning and Administration | ||
| 999 |
_c490377 _d490377 |
||